[Event "Tradewise Gibraltar Masters 16th"]
[Site "Gibraltar"]
[Date "2018.01.25"]
[Round "3.30"]
[White "Lou, Yiping"]
[Black "Bindrich, Falko"]
[Result "1/2-1/2"]
[WhiteElo "2462"]
[BlackElo "2605"]
[PlyCount "79"]
[EventDate "2018.01.23"]
[EventType "swiss"]
[EventRounds "10"]
[EventCountry "GGB"]
[SourceTitle "BritBase"]
[Source "www.saund.co.uk"]
[SourceDate "2018.02.10"]
[SourceVersion "1"]
[SourceVersionDate "2018.02.10"]
[SourceQuality "1"]

1. c4 e6 2. Nf3 d5 3. d4 Nf6 4. g3 Bb4+ 5. Nbd2 O-O 6. Bg2 b6 7. O-O Bb7 8. b3
Nbd7 9. Bb2 Re8 10. Rc1 c5 11. a3 Ba5 12. Ne5 Rb8 13. Ndf3 Qe7 14. Qc2 Nxe5 15.
Nxe5 Rbc8 16. Rfd1 Red8 17. dxc5 bxc5 18. cxd5 exd5 19. Qf5 Bb6 20. Nd3 Ne4 21.
Bxe4 Qxe4 22. Qxe4 dxe4 23. Ne5 Bd5 24. Nc4 Bc7 25. a4 Rb8 26. Ba3 Rxb3 27.
Bxc5 Be6 28. Rxd8+ Bxd8 29. Nd2 Rb2 30. Nxe4 Rxe2 31. Nc3 Rb2 32. Bxa7 h5 33.
h4 Ba5 34. Be3 Bxc3 35. Rxc3 Ra2 36. Rc5 Rxa4 37. Rxh5 Bg4 38. Rc5 Bf3 39. Kf1
Ra3 40. Rc1 1/2-1/2

[Event "Tradewise Gibraltar Masters 16th"]
[Site "Gibraltar"]
[Date "2018.01.25"]
[Round "3.31"]
[White "Svane, Rasmus"]
[Black "Gavrilescu, David"]
[Result "1-0"]
[WhiteElo "2595"]
[BlackElo "2437"]
[PlyCount "45"]
[EventDate "2018.01.23"]
[EventType "swiss"]
[EventRounds "10"]
[EventCountry "GGB"]
[SourceTitle "BritBase"]
[Source "www.saund.co.uk"]
[SourceDate "2018.02.10"]
[SourceVersion "1"]
[SourceVersionDate "2018.02.10"]
[SourceQuality "1"]

1. d4 Nf6 2. c4 e6 3. g3 d5 4. Bg2 Bb4+ 5. Nd2 O-O 6. Ngf3 dxc4 7. Qc2 a5 8. a3
Bxd2+ 9. Bxd2 b5 10. a4 c6 11. e4 h6 12. g4 Nbd7 13. g5 hxg5 14. e5 Nh7 15. h4
Ra6 16. hxg5 g6 17. Qe4 Re8 18. Qh4 Ndf8 19. Qh2 f5 20. gxf6 bxa4 21. Bf4 Qc7
22. f7+ Kxf7 23. Qxh7+ 1-0

[Event "Tradewise Gibraltar Masters 16th"]
[Site "Gibraltar"]
[Date "2018.01.25"]
[Round "3.32"]
[White "Akesson, Ralf"]
[Black "Gopal, Geetha Narayanan"]
[Result "1/2-1/2"]
[WhiteElo "2443"]
[BlackElo "2593"]
[PlyCount "61"]
[EventDate "2018.01.23"]
[EventType "swiss"]
[EventRounds "10"]
[EventCountry "GGB"]
[SourceTitle "BritBase"]
[Source "www.saund.co.uk"]
[SourceDate "2018.02.10"]
[SourceVersion "1"]
[SourceVersionDate "2018.02.10"]
[SourceQuality "1"]

1. Nf3 c5 2. c4 Nf6 3. Nc3 d5 4. cxd5 Nxd5 5. d4 Nxc3 6. bxc3 g6 7. g3 Bg7 8.
Bg2 Nc6 9. O-O cxd4 10. cxd4 O-O 11. Rb1 Nxd4 12. Nxd4 Bxd4 13. Bh6 Bg7 14.
Bxg7 Kxg7 15. Qa4 Qd2 16. e3 Bd7 17. Qa3 Bc6 18. Rfd1 Qe2 19. Bxc6 bxc6 20.
Qxe7 Qxa2 21. Ra1 Qb2 22. Rxa7 Rxa7 23. Qxa7 Qf6 24. Kg2 Rd8 25. Rxd8 Qxd8 26.
Qc5 Qd1 27. Qe5+ Kg8 28. Qb8+ Kg7 29. Qe5+ Kg8 30. Qb8+ Kg7 31. Qe5+ 1/2-1/2

[Event "Tradewise Gibraltar Masters 16th"]
[Site "Gibraltar"]
[Date "2018.01.25"]
[Round "3.33"]
[White "Swayams, Mishra"]
[Black "Donchenko, Alexander"]
[Result "1-0"]
[WhiteElo "2432"]
[BlackElo "2580"]
[PlyCount "83"]
[EventDate "2018.01.23"]
[EventType "swiss"]
[EventRounds "10"]
[EventCountry "GGB"]
[SourceTitle "BritBase"]
[Source "www.saund.co.uk"]
[SourceDate "2018.02.10"]
[SourceVersion "1"]
[SourceVersionDate "2018.02.10"]
[SourceQuality "1"]

1. d4 Nf6 2. Nf3 e6 3. Bf4 c5 4. c3 Be7 5. Nbd2 cxd4 6. cxd4 Nc6 7. e4 d5 8. e5
Ne4 9. Bd3 g5 10. Be3 g4 11. Ng1 Nxd2 12. Bxd2 Qb6 13. Bc3 h5 14. Ne2 Bd7 15.
Qd2 O-O-O 16. a3 Rdg8 17. b4 Bg5 18. Qb2 h4 19. a4 a5 20. b5 Ne7 21. Qa3 Ng6
22. Bd2 Bd8 23. Qc3+ Kb8 24. Bc1 Qc7 25. Qb3 Be7 26. b6 Qd8 27. Bd2 Bc6 28.
Bxa5 Bg5 29. Bb4 g3 30. Bxg6 gxf2+ 31. Kxf2 Rxg6 32. a5 Kc8 33. a6 Kd7 34. a7
Qa8 35. Rhf1 f5 36. exf6 Bxf6 37. Qd3 Rhg8 38. Nf4 Rg4 39. Kg1 R8g5 40. Kh1 e5
41. Qh7+ Bg7 42. Nh5 1-0

[Event "Tradewise Gibraltar Masters 16th"]
[Site "Gibraltar"]
[Date "2018.01.25"]
[Round "3.34"]
[White "Zhukova, Natalia"]
[Black "Ibarra Jerez, Jose Carlos"]
[Result "1/2-1/2"]
[WhiteElo "2438"]
[BlackElo "2577"]
[PlyCount "84"]
[EventDate "2018.01.23"]
[EventType "swiss"]
[EventRounds "10"]
[EventCountry "GGB"]
[SourceTitle "BritBase"]
[Source "www.saund.co.uk"]
[SourceDate "2018.02.10"]
[SourceVersion "1"]
[SourceVersionDate "2018.02.10"]
[SourceQuality "1"]

1. c4 e6 2. Nc3 d5 3. d4 a6 4. e3 Nf6 5. Nf3 dxc4 6. Bxc4 b5 7. Bd3 Bb7 8. O-O
c5 9. dxc5 Bxc5 10. a3 Nbd7 11. b4 Be7 12. Bb2 O-O 13. Qe2 Bxf3 14. gxf3 Ne5
15. Rfd1 Nxd3 16. Rxd3 Qc7 17. Ne4 Nxe4 18. fxe4 Rfd8 19. Rc1 Qb7 20. Qg4 Bf8
21. Qd1 Rxd3 22. Qxd3 Rc8 23. Rxc8 Qxc8 24. Bd4 Qc7 25. Kg2 Be7 26. f4 g6 27.
Bb2 Qc6 28. Qd4 f6 29. Kg3 Kf7 30. Qd3 h5 31. Bd4 f5 32. exf5 gxf5 33. Qd1 Kg6
34. Kh3 Kh6 35. Qe2 Qe8 36. Qg2 Qg6 37. Qxg6+ Kxg6 38. Kg3 Kf7 39. Kf3 Ke8 40.
Bc3 Kd7 41. e4 Kc6 42. h3 Bd8 1/2-1/2

[Event "Tradewise Gibraltar Masters 16th"]
[Site "Gibraltar"]
[Date "2018.01.25"]
[Round "3.35"]
[White "Tregubov, Pavel V"]
[Black "Henderson De La Fuente, Lance"]
[Result "1/2-1/2"]
[WhiteElo "2575"]
[BlackElo "2429"]
[PlyCount "101"]
[EventDate "2018.01.23"]
[EventType "swiss"]
[EventRounds "10"]
[EventCountry "GGB"]
[SourceTitle "BritBase"]
[Source "www.saund.co.uk"]
[SourceDate "2018.02.10"]
[SourceVersion "1"]
[SourceVersionDate "2018.02.10"]
[SourceQuality "1"]

1. d4 Nf6 2. Nf3 e6 3. Bf4 c5 4. e3 b6 5. Nbd2 Be7 6. h3 Bb7 7. Bd3 O-O 8. O-O
cxd4 9. exd4 d6 10. Re1 Nbd7 11. Bh2 Re8 12. c4 Bf8 13. Bf1 Qc7 14. Rc1 Rac8
15. b4 e5 16. c5 e4 17. Nh4 Qd8 18. Nc4 e3 19. Rxe3 Rxe3 20. Nxe3 dxc5 21. bxc5
bxc5 22. Nhf5 cxd4 23. Rxc8 Qxc8 24. Qxd4 Qc5 25. Qd1 Be4 26. Bd6 Bxd6 27. Qxd6
Bxf5 28. Qxc5 Nxc5 29. Nxf5 Kf8 30. f3 Nd5 31. Kf2 a5 32. a3 g6 33. Nd4 f6 34.
Bc4 Nb6 35. Ba2 a4 36. Ke3 Ke7 37. Nb5 g5 38. g3 h5 39. h4 Ncd7 40. Ke4 gxh4
41. gxh4 Ne5 42. Kf4 Kd7 43. Nc3 Nbc4 44. Kf5 Nd6+ 45. Kxf6 Nxf3 46. Bd5 Nxh4
47. Nxa4 Kc7 48. Nc5 Nhf5 49. Ne6+ Kb6 50. Ke5 Kb5 51. Nf4 1/2-1/2

[Event "Tradewise Gibraltar Masters 16th"]
[Site "Gibraltar"]
[Date "2018.01.25"]
[Round "3.36"]
[White "Ju, Wenjun"]
[Black "Ladron De Guevara Pinto, Paolo"]
[Result "1-0"]
[WhiteElo "2572"]
[BlackElo "2427"]
[PlyCount "113"]
[EventDate "2018.01.23"]
[EventType "swiss"]
[EventRounds "10"]
[EventCountry "GGB"]
[SourceTitle "BritBase"]
[Source "www.saund.co.uk"]
[SourceDate "2018.02.10"]
[SourceVersion "1"]
[SourceVersionDate "2018.02.10"]
[SourceQuality "1"]

1. d4 d5 2. c4 c6 3. Nf3 Nf6 4. Nc3 e6 5. Bg5 Nbd7 6. e3 Qa5 7. Nd2 Bb4 8. Qc2
O-O 9. Be2 e5 10. O-O exd4 11. Nb3 Qb6 12. Nxd4 dxc4 13. Bh4 Qa5 14. Bxc4 Qh5
15. Bg3 Nb6 16. Bd3 Re8 17. Rad1 Bg4 18. Nde2 Qa5 19. f3 Bh5 20. e4 Bg6 21. a3
Bxc3 22. Qxc3 Qxc3 23. Nxc3 Nh5 24. Bd6 Rad8 25. Be2 f5 26. exf5 Bxf5 27. Bc7
Rxd1 28. Rxd1 Nf6 29. Kf2 Nfd5 30. Nxd5 Nxd5 31. Bd6 Kf7 32. g4 Be6 33. Rd2 Nf6
34. Be5 Bd5 35. Bd4 a6 36. Kg3 h5 37. h3 hxg4 38. hxg4 Ng8 39. Kf4 Nf6 40. Bd3
Nd7 41. g5 Nf8 42. Kg4 g6 43. f4 Rd8 44. Bc3 Be6+ 45. Kf3 Bd5+ 46. Ke3 Re8+ 47.
Be5 Nd7 48. Kd4 Be6 49. b4 Rd8 50. Kc3 a5 51. bxa5 Nxe5 52. Bxg6+ Kxg6 53. Rxd8
Nd7 54. Re8 Kf7 55. Rc8 Nc5 56. Rc7+ Bd7 57. Kc4 1-0

[Event "Tradewise Gibraltar Masters 16th"]
[Site "Gibraltar"]
[Date "2018.01.25"]
[Round "3.37"]
[White "Muzychuk, Anna"]
[Black "Raja, Harshit"]
[Result "1/2-1/2"]
[WhiteElo "2571"]
[BlackElo "2427"]
[PlyCount "50"]
[EventDate "2018.01.23"]
[EventType "swiss"]
[EventRounds "10"]
[EventCountry "GGB"]
[SourceTitle "BritBase"]
[Source "www.saund.co.uk"]
[SourceDate "2018.02.10"]
[SourceVersion "1"]
[SourceVersionDate "2018.02.10"]
[SourceQuality "1"]

1. e4 c5 2. Nf3 d6 3. Bb5+ Nd7 4. O-O a6 5. Bd3 Ngf6 6. c3 b5 7. a4 c4 8. Be2
Bb7 9. axb5 axb5 10. Rxa8 Bxa8 11. Na3 Qb8 12. d3 cxd3 13. Bxd3 Bxe4 14. Nxb5
d5 15. Bg5 e5 16. Bxf6 Nxf6 17. Bxe4 dxe4 18. Qa4 exf3 19. Nc7+ Kd8 20. Rd1+
Kxc7 21. Qc4+ Kb6 22. Qb3+ Kc7 23. Qc4+ Kb6 24. Qb3+ Kc7 25. Qc4+ Kb6 1/2-1/2

[Event "Tradewise Gibraltar Masters 16th"]
[Site "Gibraltar"]
[Date "2018.01.25"]
[Round "3.38"]
[White "Grigoriants, Sergey"]
[Black "Sonis, Francesco"]
[Result "1-0"]
[WhiteElo "2568"]
[BlackElo "2425"]
[PlyCount "83"]
[EventDate "2018.01.23"]
[EventType "swiss"]
[EventRounds "10"]
[EventCountry "GGB"]
[SourceTitle "BritBase"]
[Source "www.saund.co.uk"]
[SourceDate "2018.02.10"]
[SourceVersion "1"]
[SourceVersionDate "2018.02.10"]
[SourceQuality "1"]

1. e4 c5 2. Nf3 d6 3. d4 cxd4 4. Nxd4 Nf6 5. Nc3 a6 6. g3 e5 7. Nde2 b5 8. Nd5
Nxd5 9. Qxd5 Ra7 10. Be3 Be6 11. Qd2 Rd7 12. Nc3 d5 13. Nxd5 Bxd5 14. exd5 Rxd5
15. Qc3 Be7 16. Bg2 Rd6 17. O-O O-O 18. a4 Qd7 19. axb5 Rc8 20. Qxe5 Bf6 21.
Qf4 Rxc2 22. Bh3 Qd8 23. Rac1 Rxc1 24. Rxc1 g5 25. Qe4 Kg7 26. Rc8 Rd1+ 27. Kg2
Qa5 28. Rxb8 Qe1 29. Kf3 Rd6 30. Qa8 Qh1+ 31. Kg4 Qd1+ 32. f3 Bd8 33. Qe4 Rd5
34. Rxd8 Rxd8 35. Kxg5 Qd6 36. Kh5 axb5 37. Bf5 Qf6 38. Bg5 Qg6+ 39. Bxg6 hxg6+
40. Kg4 f5+ 41. Kf4 fxe4 42. Bxd8 1-0

[Event "Tradewise Gibraltar Masters 16th"]
[Site "Gibraltar"]
[Date "2018.01.25"]
[Round "3.39"]
[White "Solomon, Kenny"]
[Black "Huzman, Alexander"]
[Result "1/2-1/2"]
[WhiteElo "2420"]
[BlackElo "2561"]
[PlyCount "63"]
[EventDate "2018.01.23"]
[EventType "swiss"]
[EventRounds "10"]
[EventCountry "GGB"]
[SourceTitle "BritBase"]
[Source "www.saund.co.uk"]
[SourceDate "2018.02.10"]
[SourceVersion "1"]
[SourceVersionDate "2018.02.10"]
[SourceQuality "1"]

1. d4 d5 2. Nf3 Nf6 3. c4 c6 4. Nc3 e6 5. Bg5 h6 6. Bxf6 Qxf6 7. e3 g6 8. Qc2
Nd7 9. cxd5 exd5 10. Bd3 Bg7 11. O-O O-O 12. Rac1 Qd6 13. Rfe1 Nb6 14. Nd2 Be6
15. Ne2 Rae8 16. a3 Bd7 17. Nb3 f5 18. Nc5 Bc8 19. Qb3 Re7 20. a4 Na8 21. a5 a6
22. Bb1 Rfe8 23. Qb4 Qf6 24. Nf4 Nc7 25. h4 Nb5 26. Ba2 Kh7 27. h5 gxh5 28.
Ncd3 Qg5 29. Nh3 Qf6 30. Nhf4 Qg5 31. Nh3 Qf6 32. Nhf4 1/2-1/2

[Event "Tradewise Gibraltar Masters 16th"]
[Site "Gibraltar"]
[Date "2018.01.25"]
[Round "3.40"]
[White "Lagno, Kateryna"]
[Black "Kozak, Adam"]
[Result "1/2-1/2"]
[WhiteElo "2556"]
[BlackElo "2418"]
[PlyCount "106"]
[EventDate "2018.01.23"]
[EventType "swiss"]
[EventRounds "10"]
[EventCountry "GGB"]
[SourceTitle "BritBase"]
[Source "www.saund.co.uk"]
[SourceDate "2018.02.10"]
[SourceVersion "1"]
[SourceVersionDate "2018.02.10"]
[SourceQuality "1"]

1. e4 e5 2. Nf3 Nc6 3. Bb5 a6 4. Ba4 Nf6 5. O-O Be7 6. Re1 b5 7. Bb3 d6 8. c3
O-O 9. h3 Bb7 10. d4 Re8 11. Nbd2 exd4 12. cxd4 Nd7 13. Bc2 Bf6 14. Nb3 Nb4 15.
Na5 Nxc2 16. Qxc2 Rb8 17. Nxb7 Rxb7 18. Bf4 Nf8 19. e5 dxe5 20. dxe5 Be7 21.
Qe4 Qa8 22. Nd4 c5 23. Nf5 Ra7 24. a4 Qxe4 25. Rxe4 Rb7 26. axb5 axb5 27. b3
Ne6 28. Be3 Bf8 29. Ra6 Rd8 30. Nd6 Bxd6 31. exd6 Rc8 32. f4 g6 33. g4 c4 34.
bxc4 bxc4 35. f5 Nf8 36. Ra4 c3 37. Rac4 Rbb8 38. Rc7 c2 39. Rec4 Rd8 40. Bf4
gxf5 41. gxf5 Rb5 42. Rc8 Rxc8 43. Rxc8 Kg7 44. f6+ Kg6 45. Rxf8 Rb4 46. Rg8+
Kh5 47. Rg5+ Kh6 48. Bd2 Rd4 49. Be3 Rd3 50. Bf4 Rd4 51. Be3 Rd3 52. Bf4 Rd4
53. Be3 Rd3 1/2-1/2

[Event "Tradewise Gibraltar Masters 16th"]
[Site "Gibraltar"]
[Date "2018.01.25"]
[Round "3.42"]
[White "Pichot, Alan"]
[Black "Martinez Martin, David"]
[Result "1-0"]
[WhiteElo "2552"]
[BlackElo "2399"]
[PlyCount "52"]
[EventDate "2018.01.23"]
[EventType "swiss"]
[EventRounds "10"]
[EventCountry "GGB"]
[SourceTitle "BritBase"]
[Source "www.saund.co.uk"]
[SourceDate "2018.02.10"]
[SourceVersion "1"]
[SourceVersionDate "2018.02.10"]
[SourceQuality "1"]

1. e4 e5 2. Nf3 Nc6 3. Bb5 Nf6 4. d3 Bc5 5. c3 d5 6. exd5 Qxd5 7. Bc4 Qd6 8. b4
Bb6 9. a4 a5 10. b5 e4 11. dxe4 Qc5 12. Bxf7+ Kxf7 13. Be3 Qe7 14. bxc6 Bxe3
15. fxe3 Rd8 16. Qb3+ Kg6 17. e5 bxc6 18. Qc2+ Kh6 19. O-O Ng4 20. Qe4 Re8 21.
Qxc6+ Be6 22. Qe4 Bd7 23. e6 Bxe6 24. h3 Qc5 25. hxg4 Bc4 26. Qf4+ g5 1-0

[Event "Tradewise Gibraltar Masters 16th"]
[Site "Gibraltar"]
[Date "2018.01.25"]
[Round "3.43"]
[White "Bakalchuk, Johnatan"]
[Black "Deac, Bogdan-Daniel"]
[Result "1/2-1/2"]
[WhiteElo "2400"]
[BlackElo "2549"]
[PlyCount "71"]
[EventDate "2018.01.23"]
[EventType "swiss"]
[EventRounds "10"]
[EventCountry "GGB"]
[SourceTitle "BritBase"]
[Source "www.saund.co.uk"]
[SourceDate "2018.02.10"]
[SourceVersion "1"]
[SourceVersionDate "2018.02.10"]
[SourceQuality "1"]

1. e4 c5 2. Nf3 Nc6 3. Nc3 e6 4. d4 cxd4 5. Nxd4 Qc7 6. g3 a6 7. Bg2 d6 8. O-O
Bd7 9. Re1 Be7 10. Nxc6 Bxc6 11. Qg4 h5 12. Qe2 Nf6 13. a4 b6 14. Bf4 h4 15.
Rad1 hxg3 16. hxg3 Bb7 17. Qd2 Rd8 18. Bf3 Qc8 19. Qe3 Qc5 20. Qxc5 bxc5 21.
Kg2 Ng8 22. g4 g5 23. Bg3 f6 24. Rd2 Nh6 25. Nd1 Nf7 26. Ne3 Kd7 27. Nc4 Kc7
28. Red1 Bc6 29. b3 Ne5 30. Bxe5 fxe5 31. Kg3 Rd7 32. Bg2 Bf8 33. Na5 Ba8 34.
Nc4 Bc6 35. Na5 Ba8 36. Nc4 1/2-1/2

[Event "Tradewise Gibraltar Masters 16th"]
[Site "Gibraltar"]
[Date "2018.01.25"]
[Round "3.44"]
[White "Baron, Tal"]
[Black "Stark, Lars"]
[Result "1-0"]
[WhiteElo "2548"]
[BlackElo "2381"]
[PlyCount "107"]
[EventDate "2018.01.23"]
[EventType "swiss"]
[EventRounds "10"]
[EventCountry "GGB"]
[SourceTitle "BritBase"]
[Source "www.saund.co.uk"]
[SourceDate "2018.02.10"]
[SourceVersion "1"]
[SourceVersionDate "2018.02.10"]
[SourceQuality "1"]

1. d4 Nf6 2. c4 c6 3. Nc3 d5 4. Nf3 e6 5. g3 Nbd7 6. Bg2 Be7 7. O-O O-O 8. b3
b6 9. Bb2 Bb7 10. Qd3 Rc8 11. Rfd1 Qc7 12. Rac1 Qb8 13. Nd2 Rfd8 14. e3 c5 15.
cxd5 cxd4 16. Qxd4 Bc5 17. Qh4 exd5 18. Nf3 Re8 19. Nd4 Qe5 20. Qh3 Bxd4 21.
Rxd4 Nc5 22. Rdd1 Qe6 23. Nb5 Qe7 24. Qh4 Nce4 25. Rxc8 Rxc8 26. Bxe4 Qxe4 27.
Qxe4 Nxe4 28. Nd4 g6 29. f3 Ng5 30. Rd2 a6 31. Kf2 Ne6 32. Ne2 Kf8 33. g4 Ke8
34. h4 b5 35. Bc3 Nd8 36. Kg3 Ne6 37. Ba5 f5 38. gxf5 gxf5 39. Nf4 Kf7 40. Nxd5
Bxd5 41. Rxd5 Kf6 42. Rd6 f4+ 43. exf4 Rg8+ 44. Kf2 Rc8 45. Ke3 Rc2 46. a3 Kf5
47. Rd5+ Kf6 48. Bd2 Nc5 49. Rd6+ Ne6 50. Rxa6 Kf5 51. Rb6 Rc5 52. Bb4 Rd5 53.
Be7 h5 54. b4 1-0

[Event "Tradewise Gibraltar Masters 16th"]
[Site "Gibraltar"]
[Date "2018.01.25"]
[Round "3.45"]
[White "Shachar, Ehud"]
[Black "Kaidanov, Gregory"]
[Result "1/2-1/2"]
[WhiteElo "2401"]
[BlackElo "2548"]
[PlyCount "85"]
[EventDate "2018.01.23"]
[EventType "swiss"]
[EventRounds "10"]
[EventCountry "GGB"]
[SourceTitle "BritBase"]
[Source "www.saund.co.uk"]
[SourceDate "2018.02.10"]
[SourceVersion "1"]
[SourceVersionDate "2018.02.10"]
[SourceQuality "1"]

1. e4 c5 2. Nf3 e6 3. b3 d6 4. Bb2 Bd7 5. e5 Nc6 6. exd6 Nf6 7. g3 Bxd6 8. Bg2
O-O 9. O-O e5 10. d3 Rb8 11. Nbd2 Nd4 12. Re1 Re8 13. c3 Nc6 14. Nc4 Bc7 15. d4
e4 16. Nfe5 Be6 17. Nxc6 bxc6 18. Qc2 Bxc4 19. bxc4 h5 20. Rad1 Qc8 21. Bc1 Qa6
22. d5 Rbd8 23. Bg5 cxd5 24. cxd5 Rxd5 25. Rxd5 Nxd5 26. Rxe4 Rxe4 27. Qxe4
Nxc3 28. Qe8+ Kh7 29. Qxf7 Qg6 30. Qxg6+ Kxg6 31. h4 Kh7 32. a3 Be5 33. Bf1 Bd4
34. Bd3+ g6 35. Kf1 Nd1 36. f3 c4 37. Bxc4 Ne3+ 38. Bxe3 Bxe3 39. Ke2 Bc5 40.
a4 Kg7 41. f4 Kf6 42. Kf3 Bb4 43. Bd3 1/2-1/2

[Event "Tradewise Gibraltar Masters 16th"]
[Site "Gibraltar"]
[Date "2018.01.25"]
[Round "3.46"]
[White "Haria, Ravi"]
[Black "Dvirnyy, Danyyil"]
[Result "1/2-1/2"]
[WhiteElo "2374"]
[BlackElo "2534"]
[PlyCount "131"]
[EventDate "2018.01.23"]
[EventType "swiss"]
[EventRounds "10"]
[EventCountry "GGB"]
[SourceTitle "BritBase"]
[Source "www.saund.co.uk"]
[SourceDate "2018.02.10"]
[SourceVersion "1"]
[SourceVersionDate "2018.02.10"]
[SourceQuality "1"]

1. Nf3 d5 2. g3 c6 3. Bg2 Bg4 4. O-O e6 5. h3 Bh5 6. d3 Nd7 7. e4 Bd6 8. exd5
exd5 9. c4 Ne7 10. Nc3 Nb6 11. Qb3 f6 12. cxd5 Bf7 13. Nd4 Qd7 14. Qd1 Nbxd5
15. Ne4 O-O 16. Nb3 b6 17. Nxd6 Qxd6 18. d4 Qd7 19. Nd2 Nc7 20. Nf3 Bd5 21. b3
Rfe8 22. Bb2 a5 23. Re1 Nf5 24. Qd3 Nd6 25. Nd2 Bxg2 26. Kxg2 Nd5 27. Qf3 h6
28. Nc4 Nf5 29. a4 g6 30. Rad1 Re6 31. Rxe6 Qxe6 32. Bc3 Re8 33. Re1 Qd7 34.
Rxe8+ Qxe8 35. Kf1 Qe6 36. Qd3 Kg7 37. Bd2 h5 38. g4 Nfe7 39. Qe2 Qd7 40. Qe4
g5 41. Ne3 h4 42. Nxd5 Nxd5 43. Ke2 Qd6 44. Qe8 Nc7 45. Qe4 Ne6 46. Be3 Kf7 47.
Qh7+ Kf8 48. Qb7 Nxd4+ 49. Bxd4 Qxd4 50. Qxc6 Ke7 51. Qc7+ Ke6 52. Qc6+ Ke5 53.
Qc7+ Kd5 54. Qd7+ Kc5 55. Qe7+ Qd6 56. Qxd6+ Kxd6 57. f3 f5 58. gxf5 Ke5 59.
Ke3 Kxf5 60. Ke2 Ke6 61. Ke3 Ke5 62. Ke2 Kd4 63. Kd2 Kc5 64. Kc3 Kd5 65. Kd3
Ke5 66. Ke3 1/2-1/2

[Event "Tradewise Gibraltar Masters 16th"]
[Site "Gibraltar"]
[Date "2018.01.25"]
[Round "3.47"]
[White "Libiszewski, Fabien"]
[Black "Mkrtchian, Lilit"]
[Result "1/2-1/2"]
[WhiteElo "2530"]
[BlackElo "2378"]
[PlyCount "70"]
[EventDate "2018.01.23"]
[EventType "swiss"]
[EventRounds "10"]
[EventCountry "GGB"]
[SourceTitle "BritBase"]
[Source "www.saund.co.uk"]
[SourceDate "2018.02.10"]
[SourceVersion "1"]
[SourceVersionDate "2018.02.10"]
[SourceQuality "1"]

1. e4 c6 2. Nc3 d5 3. Nf3 dxe4 4. Nxe4 Nf6 5. Qe2 Nxe4 6. Qxe4 Qd5 7. Qf4 Qf5
8. d3 Qxf4 9. Bxf4 Bg4 10. Be2 Nd7 11. h3 Bxf3 12. Bxf3 e5 13. Bg3 f5 14. O-O-O
f4 15. Bh2 Bc5 16. Rd2 g5 17. Re1 O-O-O 18. Bg4 Bd6 19. d4 exd4 20. Rxd4 Kc7
21. Re6 Bc5 22. Rd2 h5 23. Bf3 h4 24. Bg4 Nb6 25. Rg6 Rxd2 26. Kxd2 Bxf2 27.
Rxg5 Be3+ 28. Ke2 Nc4 29. b3 Nd2 30. Rg7+ Kb6 31. a4 Re8 32. Bd7 Re4 33. Bf5
Re8 34. Bd7 Re4 35. Bf5 Re8 1/2-1/2

[Event "Tradewise Gibraltar Masters 16th"]
[Site "Gibraltar"]
[Date "2018.01.25"]
[Round "3.48"]
[White "Mohammad, Nubairshah Shaikh"]
[Black "Nihal, Sarin"]
[Result "1/2-1/2"]
[WhiteElo "2380"]
[BlackElo "2524"]
[PlyCount "81"]
[EventDate "2018.01.23"]
[EventType "swiss"]
[EventRounds "10"]
[EventCountry "GGB"]
[SourceTitle "BritBase"]
[Source "www.saund.co.uk"]
[SourceDate "2018.02.10"]
[SourceVersion "1"]
[SourceVersionDate "2018.02.10"]
[SourceQuality "1"]

1. d4 Nf6 2. c4 g6 3. Nc3 Bg7 4. e4 d6 5. Nf3 O-O 6. Be2 e5 7. O-O Nc6 8. d5
Ne7 9. b4 Nh5 10. Re1 a5 11. bxa5 Rxa5 12. a4 f5 13. Nd2 Nf6 14. Ba3 b6 15. Bf1
Ra8 16. Bb4 Kh8 17. Nb5 Bd7 18. Ra3 Bxb5 19. axb5 Rxa3 20. Bxa3 Bh6 21. exf5
Nxf5 22. Bb2 Qa8 23. Nf3 Nd7 24. Qa1 Qd8 25. g3 Nc5 26. Qa3 Kg8 27. Bg2 Qd7 28.
Re2 Bg7 29. Ng5 Kh8 30. Bh3 h6 31. Ne4 Qf7 32. Bg2 g5 33. h3 Nd4 34. Bxd4 exd4
35. Nxc5 bxc5 36. Be4 Be5 37. Bb1 Qf3 38. Qd3 Qxd3 39. Bxd3 Ra8 40. Kg2 Ra3 41.
Rd2 1/2-1/2

[Event "Tradewise Gibraltar Masters 16th"]
[Site "Gibraltar"]
[Date "2018.01.25"]
[Round "3.49"]
[White "Antal, Gergely"]
[Black "Quillan, Gary"]
[Result "1-0"]
[WhiteElo "2522"]
[BlackElo "2340"]
[PlyCount "133"]
[EventDate "2018.01.23"]
[EventType "swiss"]
[EventRounds "10"]
[EventCountry "GGB"]
[SourceTitle "BritBase"]
[Source "www.saund.co.uk"]
[SourceDate "2018.02.10"]
[SourceVersion "1"]
[SourceVersionDate "2018.02.10"]
[SourceQuality "1"]

1. Nf3 Nf6 2. g3 c5 3. Bg2 d5 4. O-O Nc6 5. d4 e6 6. c3 Bd6 7. a3 O-O 8. b4 b6
9. Be3 Ne4 10. Qc2 Qe7 11. Nfd2 Nxd2 12. Nxd2 Bb7 13. dxc5 bxc5 14. Nb3 cxb4
15. axb4 a6 16. Bc5 Bxc5 17. Nxc5 Rfc8 18. Rfb1 Ra7 19. Qd1 Nb8 20. c4 Bc6 21.
cxd5 exd5 22. Qd4 Rd8 23. e3 h6 24. Bf1 f6 25. Nxa6 Nxa6 26. Rxa6 Rxa6 27. Bxa6
Bb7 28. Bd3 Qe5 29. Rc1 Rd7 30. b5 Rc7 31. Ra1 Kf7 32. h4 Ke7 33. Qb4+ Kf7 34.
Qd4 Ke7 35. Rd1 Qxd4 36. exd4 Kd6 37. Kg2 Rc3 38. Be2 Rb3 39. h5 Rb4 40. Kf3
Bc8 41. Ke3 Bd7 42. Rd2 Rb3+ 43. Kf4 Rb4 44. g4 Ke6 45. f3 Kd6 46. Rd1 Ke6 47.
Bd3 Kd6 48. Ke3 Rb3 49. Kd2 Bxb5 50. Bxb5 Rxb5 51. Ra1 Rb7 52. Ke3 Ke6 53. Kf4
Rb4 54. Ra6+ Kf7 55. Kf5 Rxd4 56. Ra7+ Kf8 57. Kg6 Rf4 58. Ra3 d4 59. Rb3 Ke7
60. Kxg7 Ke6 61. Kxh6 Kd5 62. Kg6 Kc4 63. Ra3 d3 64. h6 d2 65. Ra1 Rxf3 66. h7
Ra3 67. Rd1 1-0

[Event "Tradewise Gibraltar Masters 16th"]
[Site "Gibraltar"]
[Date "2018.01.25"]
[Round "3.50"]
[White "Navara, David"]
[Black "Tate, Alan"]
[Result "1-0"]
[WhiteElo "2749"]
[BlackElo "2358"]
[PlyCount "85"]
[EventDate "2018.01.23"]
[EventType "swiss"]
[EventRounds "10"]
[EventCountry "GGB"]
[SourceTitle "BritBase"]
[Source "www.saund.co.uk"]
[SourceDate "2018.02.10"]
[SourceVersion "1"]
[SourceVersionDate "2018.02.10"]
[SourceQuality "1"]

1. c4 c6 2. Nf3 d5 3. e3 Nf6 4. Nc3 e6 5. b3 Bd6 6. d4 Ne4 7. Nxe4 dxe4 8. Nd2
f5 9. c5 Be7 10. Qh5+ g6 11. Qh6 Bf8 12. Qf4 Bg7 13. Nc4 O-O 14. Qd6 Nd7 15.
Qxe6+ Kh8 16. Bd2 Nxc5 17. Qd6 Ne6 18. Rc1 Qf6 19. Bb4 Re8 20. a3 Bf8 21. Qe5
Qxe5 22. Nxe5 Bxb4+ 23. axb4 a6 24. h4 Kg7 25. h5 Nf8 26. hxg6 hxg6 27. Bc4 Be6
28. g4 Nd7 29. gxf5 Nxe5 30. fxe6 Nxc4 31. bxc4 Rxe6 32. Ke2 Rh8 33. Rxh8 Kxh8
34. f3 Kg7 35. fxe4 Rxe4 36. Kd3 Re7 37. Rf1 g5 38. e4 Kg6 39. e5 g4 40. Ke4
Kg5 41. d5 cxd5+ 42. cxd5 Rc7 43. d6 1-0